000 00468nam a2200169Ia 4500
999 _c21985
_d21985
003 OSt
005 20200319144523.0
008 190216s9999||||xx |||||||||||||| ||und||
040 _coclc
082 _a297
_bSAH/A
100 _aSahib, A Muhammad
_91886
245 0 _aAl-Gazzali /
_c A Muhammad Sahib
260 _bAl Islam Publishing House,
_c1966.
300 _a225p
650 _aIslamic History
942 _cBK
_2ddc
_h297
_iSAH/A
_k297
_mSAH/A